| 000 | 00746nam a22001337a 4500 | ||
|---|---|---|---|
| 040 | _cRUA | ||
| 082 | _aAGR ITH 2011 B048 Or.1 | ||
| 100 | _aITH MONYKEOPONLOK | ||
| 245 | _aEffectof establishment methods on IR66 rice growth and yiedl in sandy soil in rainy season,(ឥទ្ធិពលនៃវិធីសាស្រ្តដំាដុះទៅលើការលូតលាស់ និងទិន្នផលស្រូវអ៊ីអ៊ែ ៦៦ ក្នុងលក្ខខណ្ឌដីល្បាយខ្សាច់ នៅរដូវវស្សា) | ||
| 260 |
_aphnom penh _bRUA |
||
| 300 |
_axi, 62p. _cill. |
||
| 856 | _uhttps://drive.google.com/file/d/16KBNeASusphhKGtpLyhpLhUJ9_hOLJzn/view?usp=sharing | ||
| 942 | _cAGR | ||
| 999 |
_c1146 _d1146 |
||